000 00466nam a22001577a 4500
003 OSt
005 20240508115130.0
008 210707s1998 xx 000 0 und d
040 _cAL
041 _aKonkani
082 _a052 AK
100 _aKONKANI INSTITUE
_dಕೊಂಕ್ಣಿ ಸಂಸ್ಥೊ
_9163734
245 _aAmar Konkani
_bಅಮರ್ ಕೊಂಕ್ಣಿ
260 _c1998
_aMangalore
_bKonkani Institute St. Aloysius College
942 _2ddc
_cBK
999 _c179356
_d179356